Skip to main content
Your cart is empty.
Your lists
Log in to create your own lists
Your cookies
العربية
English
العربية
Home
Search
Advanced search
Authority search
About
The noble scholar, jurist, historian
His Excellency Dr. Abdul Wahhab bin Ibrahim Abu Sulaiman, may Allah have mercy on him.
He was born in Umm Al-Qura in the year 1356 AH.
Library catalog
Title
Author
Subject
ISBN
ISSN
Series
Call number
Log in to your account
×
Login:
Password:
Home
MARC view: المنهج المقترح لفهم المصطلح :
Normal view
MARC view
ISBD view
المنهج المقترح لفهم المصطلح : (Record no. 12171)
[
view plain
]
MARC details
000 -LEADER
fixed length control field
01287cam a22002651i 4500
003 - CONTROL NUMBER IDENTIFIER
control field
SA-RiAUC
005 - DATE AND TIME OF LATEST TRANSACTION
control field
20250929065716.0
008 - FIXED-LENGTH DATA ELEMENTS--GENERAL INFORMATION
fixed length control field
250929s1996 su f 00010 ara c
040 ## - CATALOGING SOURCE
Original cataloging agency
KW-ShULA
Language of cataloging
ara
Transcribing agency
SA-RiAUC
Description conventions
rda
082 04 - DEWEY DECIMAL CLASSIFICATION NUMBER
Classification number
231
Assigning agency
SA-RiAUC
090 ## - LOCALLY ASSIGNED LC-TYPE CALL NUMBER (OCLC); LOCAL CALL NUMBER (RLIN)
Classification number (OCLC) (R) ; Classification number, CALL (RLIN) (NR)
231
Local cutter number (OCLC) ; Book number/undivided call number, CALL (RLIN)
ع و ن
100 1# - MAIN ENTRY--PERSONAL NAME
Personal name
العوني، حاتم بن عارف بن ناصر،
Dates associated with a name
1385 هجري-
Relator term
مؤلف.
245 12 - TITLE STATEMENT
Title
المنهج المقترح لفهم المصطلح :
Remainder of title
دراسة تاريخية تأصيلية لمصطلح الحديث وهي مقدمة تمهيدية لكتابي المرسل الخفي وعلاقته بالتدليس /
Statement of responsibility, etc.
حاتم بن عارف العوني.
250 ## - EDITION STATEMENT
Edition statement
الطبعة الأولى.
264 #1 - PRODUCTION, PUBLICATION, DISTRIBUTION, MANUFACTURE, AND COPYRIGHT NOTICE
Place of production, publication, distribution, manufacture
الرياض :
Name of producer, publisher, distributor, manufacturer
دار الهجرة للنشر والتوزيع،
Date of production, publication, distribution, manufacture, or copyright notice
1996.
300 ## - PHYSICAL DESCRIPTION
Extent
310 صفحة ؛
Dimensions
24 سم
336 ## - CONTENT TYPE
Content type term
نص
Content type code
txt
Source
rdacontent
Materials specified
كتاب
337 ## - MEDIA TYPE
Media type term
بدون وسيط
Media type code
n
Source
rdamedia
338 ## - CARRIER TYPE
Carrier type term
مجلد
Carrier type code
nc
Source
rdacarrier
650 #7 - SUBJECT ADDED ENTRY--TOPICAL TERM
Topical term or geographic name entry element
الحديث
General subdivision
مصطلح
Source of heading or term
aucsh
650 #7 - SUBJECT ADDED ENTRY--TOPICAL TERM
Topical term or geographic name entry element
علم دراية الحديث
Source of heading or term
aucsh
700 12 - ADDED ENTRY--PERSONAL NAME
Relationship information
شرح لـ :
Personal name
العوني، حاتم بن عارف بن ناصر،
Dates associated with a name
1385 هجري-.
Title of a work
المرسل الخفي وعلاقته بالتدليس
942 ## - ADDED ENTRY ELEMENTS (KOHA)
Source of classification or shelving scheme
Dewey Decimal Classification
Koha item type
Books
949 ## - LOCAL PROCESSING INFORMATION (OCLC)
a
SA-JeALM
d
250929
u
khaled123
n
1
Holdings
Withdrawn status
Lost status
Source of classification or shelving scheme
Damaged status
Not for loan
Home library
Current library
Date acquired
Total checkouts
Full call number
Barcode
Date last seen
Price effective from
Koha item type
Dewey Decimal Classification
DR AbdElwahab Library
DR AbdElwahab Library
09/29/2025
231 ع و ن
000019546
09/29/2025
09/29/2025
Books
Dewey Decimal Classification
DR AbdElwahab Library
DR AbdElwahab Library
09/29/2025
231 ع و ن
000019547
09/29/2025
09/29/2025
Books
Place hold
Print
Add to your cart
(remove)
Save record
BIBTEX
Dublin Core
MARCXML
MARC (non-Unicode/MARC-8)
MARC (Unicode/UTF-8)
MARC (Unicode/UTF-8, Standard)
MODS (XML)
RIS
ISBD
More searches
Search for this title in:
Other Libraries (WorldCat)
Other Databases (Google Scholar)
Online Stores (Bookfinder.com)
Open Library (openlibrary.org)
Exporting to Dublin Core...
×
Simple DC-RDF
OAI-DC
SRW-DC